000
00505nam a2200181Ia 4500
008
100917s9999 xx 000 0 und d
082
_b
520
100
_a
माटे एकनाथ धोंडो
245
_a
दामिनीची लालसा
260
_b
---
_c
1917
300
_a
104
365
_b
0
520
_a
नाटक
630
_a
दामिनीची लालसा
650
_a
नाटक
730
_a
दामिनीची लालसा
942
_c
BOOK
999
_c
605914
_d
605911